| 000 | 01724nam0a2200349 4500 | ||
|---|---|---|---|
| 001 | RU\NLR\bibl\127021 | ||
| 005 | 20260405071844.0 | ||
| 020 |
_aRU _b98-35477 _9Книжная летопись |
||
| 021 |
_aRU _b98-26320 _91255 |
||
| 035 | _a(NLR Aleph) 000124432 | ||
| 090 |
_a709375 _c709375 |
||
| 100 | _a20000410d1995 |||y0rusy50 ca | ||
| 101 | 0 | _arus | |
| 102 | _aRU | ||
| 105 | _aa ||||||||| | ||
| 200 | 1 |
_aОбучение, воспитание, развитие учащихся с нарушениями интеллекта _e[Сб. ст.] _fМ-во образования Рос. Федерации. Отд. нар. образования администрации Свердл. р-на г. Красноярска, Авт. шк. социал. реабилитации N 24, г. Красноярск _g[Науч. ред. д.п.н., проф. А. А. Дмитриев, к.психол.н., доц. И. М. Блажнокова] |
|
| 210 |
_aКрасноярск _cАлександр Паращук _d1995 |
||
| 215 |
_a159,[1] с. _cил. _d20 |
||
| 225 | 1 |
_aНаука. Практика. Опыт _vСб. N 2 |
|
| 320 | _aБиблиогр. в конце ст. | ||
| 610 | 0 | _aУчебно-воспитательная работа во вспомогательной школе | |
| 675 |
_a376.3-056.37 _v3 _zrus |
||
| 686 |
_a14.29 _2rugasnti |
||
| 686 |
_a74.3 _2rubbk |
||
| 702 | 1 |
_4340 _8rus _7ca _aДмитриев _bА. А. _cпедагог _f1948- _gАлексей Андреевич _3RU\NLR\auth\7724674 _92694213 |
|
| 801 | 0 |
_aRU _bRKP _c20000410 _gPSBO |
|
| 801 | 1 |
_aRU _bRKP _c20000410 |
|
| 801 | 2 |
_aRU _bNLR _c20050412 _grcr |
|
| 852 |
_aNLR _j2000-3/19062 |
||
| 942 | _cBOOK | ||
| 980 | _aNB | ||